LEADER 01449cam0-22004931i-450- 001 990003817830403321 005 20100125124953.0 010 $a88-06-14810-9 035 $a000381783 035 $aFED01000381783 035 $a(Aleph)000381783FED01 035 $a000381783 100 $a20030910d1999----km-y0itay50------ba 101 0 $aita 102 $aIT 105 $ay-------001yy 200 1 $a<>Europa delle città$eil volto della società urbana europea tra Medioevo ed età moderna$fMarino Berengo 210 $aTorino$cEinaudi$d1999 215 $aXV, 1040 p.$d22 cm 225 1 $aBiblioteca di cultura storica$v224 320 $aContiene bibl. (pp.893-969) e indice analitico 610 0 $aCittà$aEuropa$aStoria sociale$aSec. 12.-17. 676 $a307.76094 676 $a940 700 1$aBerengo,$bMarino$f<1928-2000>$037634 801 0$aIT$bUNINA$gRICA$2UNIMARC 901 $aBK 912 $a990003817830403321 952 $a1603 sez. Andriello$b1603$fDARPU 952 $a307.76094 BER 1$b7480$fBFS 952 $aCOLLEZ. 77 (224)$b35383$fFSPBC 952 $a307.76 BER 1$bBibl.33283$fFLFBC 952 $aN05.729$b8094$fDECTS 952 $aURB.LE B 1710$b10688$fFARBC 952 $a19.269$b3602$fDARST 959 $aDARPU 959 $aBFS 959 $aFSPBC 959 $aFLFBC 959 $aDECTS 959 $aFARBC 959 $aDARST 996 $aEuropa delle città$981283 997 $aUNINA LEADER 01284cam0-22004571i-450- 001 990007257900403321 005 20050610121652.0 010 $a88-13-20272-5 035 $a000725790 035 $aFED01000725790 035 $a(Aleph)000725790FED01 035 $a000725790 100 $a20021021d1998----km-y0itay50------ba 101 0 $aita 102 $aIT 105 $ay-------001yy 200 1 $aDemanio e ambiente$eeffetti della normazione ambientale sulla gestione dei beni pubblici$fSilvano Avanzi 210 $aPadova$cCedam$d1998 215 $aXV, 309 p.$d24 cm 610 0 $aDemanio e patrimonio dello Stato 610 0 $aAmbiente tutela dell' 610 0 $aDemanio$aLegislazione 610 0 $aAmbiente naturale$aTutela$aLegislazione 676 $a346$v21$zita 676 $a340 676 $a343.45025 676 $a351.71$v20$zita 700 1$aAvanzi,$bSilvano$0240909 801 0$aIT$bUNINA$gRICA$2UNIMARC 901 $aBK 912 $a990007257900403321 952 $aA-III-F-60$bdip. 8965$fDDRC 952 $a22-T-231$b10213$fDDCP 952 $aVIII A 91$b33226$fFSPBC 952 $aVI L 70$b37377*$fFGBC 959 $aDDRC 959 $aDDCP 959 $aFSPBC 959 $aFGBC 996 $aDemanio e ambiente$9686233 997 $aUNINA LEADER 01405nam0-22004691i-450 001 990003476910403321 005 20190712124222.0 035 $aFED01000347691 035 $a(Aleph)000347691FED01 035 $a000347691 100 $a20030910d1977----km-y0itay50------ba 101 1 $aita$cfre 102 $aIT 105 $aa-------001yy 200 1 $aCapitalismo e civiltà materiale$esecoli XV-XVIII$fFernand Braudel 210 $aTorino$cEinaudi$d1977 225 1 $aBiblioteca di cultura storica$v131 454 0$12001$aCivilisation matérielle et capitalisme$932097 610 0 $aCiviltà e economia$aSec. 15.-18. 610 0 $aLivello di vita$aSec. 15.-18. 676 $a330.903$v22$zita 676 $a909$v22$zita 676 $a309.1$v22$zita 700 1$aBraudel,$bFernand$f<1902-1985>$024270 801 0$aIT$bUNINA$gRICA$2UNIMARC 901 $aBK 912 $a990003476910403321 952 $aSE031.06.01-$b5148$fDECSE 952 $aFUC 84$b04506$fDINST 952 $aF.Russo 1680$fBAT 952 $aSE 031.06.01-$b3802$fDECSE 952 $aE/3 BRA$b8446/I$fSES 952 $a330.903 BRA 1$b29679 Ist. Fil. Mod.$fFLFBC 952 $aMTD 703$b2066/276$fDARPU 959 $aDARPU 959 $aDECSE 959 $aBAT 959 $aDINST 959 $aSES 959 $aFLFBC 996 $aCivilisation matérielle, économie et capitalisme$932097 997 $aUNINA